The Saturdays: Complete Discography - Statistics

General Stats
  • This quiz has been taken 45 times
  • The average score is 43 of 75
Answer Stats
Album Song % Correct
On Your Radar All Fired Up
95%
Wordshaker Ego
95%
Chasing Lights If This Is Love
95%
On Your Radar Notorious
95%
Chasing Lights Up
95%
Living For The Weekend What About Us
95%
Living For The Weekend Gentleman
89%
Chasing Lights Chasing Lights
84%
Wordshaker Forever Is Over
84%
Chasing Lights Issues
84%
Headlines! Missing You
84%
Finest Selection: The Greatest Hits 808
79%
Living For The Weekend Disco Love
79%
Headlines! Higher
79%
Headlines! Karma
74%
On Your Radar My Heart Takes Over
74%
Wordshaker One Shot
74%
Headlines! Puppet
74%
Chasing Lights Fall
68%
On Your Radar I Say OK
68%
Chasing Lights Just Can't Get Enough
68%
Living For The Weekend Not Giving Up
68%
Chasing Lights Set Me Off
68%
On Your Radar The Way You Watch Me
68%
Finest Selection: The Greatest Hits What Are You Waiting For?
68%
Chasing Lights Work
68%
Wordshaker Deeper
63%
On Your Radar Faster
63%
Wordshaker Wordshaker
63%
Living For The Weekend 30 Days
58%
On Your Radar Get Ready, Get Set
58%
Living For The Weekend Lease My Love
58%
On Your Radar Move On U
58%
Headlines! Died In Your Eyes
53%
On Your Radar Do What You Want With Me
53%
Chasing Lights Keep Her
53%
On Your Radar (Bonus) Ladykiller
53%
Chasing Lights Vulnerable
53%
Finest Selection: The Greatest Hits Walking Through The Desert
53%
Wordshaker 2 AM
47%
Wordshaker Denial
47%
Living For The Weekend Don't Let Me Dance Alone
47%
Wordshaker Here Standing
47%
On Your Radar Last Call
47%
Living For The Weekend Leave A Light On
47%
Chasing Lights Lies
47%
Wordshaker Lose Control
47%
Living For The Weekend Problem With Love
47%
On Your Radar Promise Me
47%
Living For The Weekend Wildfire
47%
On Your Radar Wish I Didn't Know
47%
Living For The Weekend Anywhere With You
42%
Chasing Lights (Bonus) Beggin'
42%
On Your Radar For Myself
42%
Wordshaker No One
42%
Wordshaker Not Good Enogh
42%
On Your Radar (Bonus) Not That Kinda Girl
42%
Living For The Weekend (Bonus) On The Radio
42%
On Your Radar (Bonus) So Stupid
42%
Finest Selection: The Greatest Hits (Bonus) When Love Takes Over
42%
On Your Radar White Lies
42%
Living For The Weekend You Don't Have The Right
42%
Living For The Weekend (Bonus) Bigger
37%
Chasing Lights (Bonus) Crashing Down
37%
Chasing Lights (Bonus) Golden Rules
37%
Living For The Weekend (Bonus) Love Come Down
37%
Wordshaker Open Up
37%
Living For The Weekend Somebody Else's Life
37%
Chasing Lights (Bonus) What Am I Gonna Do
37%
Headlines! (Bonus) Had It With Today
32%
Headlines! (Bonus) Ready To Rise
32%
Living For The Weekend (Bonus) Turn Myself In
32%
Chasing Lights (Bonus) Unofficial
32%
Wordshaker (Bonus) Flashback
26%
Wordshaker (Bonus) I Can't Wait
26%
No matching quizzes found
Score Distribution
Percent of People with Each Score
Percentile by Number Answered
Your Score History
You have not taken this quiz